La extinción de las especies : (Record no. 24008)

MARC details
000 -CABECERA
campo de control de longitud fija 00673nam a2200217 a 4500
005 - FECHA Y HORA DE LA ÚLTIMA TRANSACCIÓN
campo de control 20210223121810.0
008 - ELEMENTOS DE LONGITUD FIJA--INFORMACIÓN GENERAL
campo de control de longitud fija 991125s1996 mad 000 0 spa u
020 ## - NÚMERO INTERNACIONAL NORMALIZADO PARA LIBROS
Número Internacional Estándar del Libro 8476159269
035 ## - NÚMERO DE CONTROL DEL SISTEMA
Número de control de sistema UPN01000024008
049 ## - COLECCIÓN
Colección CG
050 #4 - SIGNATURA TOPOGRÁFICA DE LA BIBLIOTECA DEL CONGRESO
Número de clasificación QE721.2 E97
Número de documento/Ítem E738
100 1# - ASIENTO PRINCIPAL--NOMBRE PERSONAL
Nombre de persona Erickson, Jon,
Fechas asociadas al nombre 1948-
245 13 - MENCIÓN DE TÍTULO
Título La extinción de las especies :
Resto del título evaluación /
Mención de responsabilidad, etc. Jon Erickson ; tr. Ignacio Español Echaniz
260 ## - PUBLICACIÓN, DISTRIBUCIÓN, ETC.
Lugar de publicación, distribución, etc. Madrid :
Nombre del editor, distribuidor, etc. McGraw-Hill,
Fecha de publicación, distribución, etc. 1996
300 ## - DESCRIPCIÓN FÍSICA
Extensión ix, 212 p. :
Otras características físicas il. algunas
440 #0 - MENCIÓN DE SERIE/ASIENTO SECUNDARIO--TÍTULO
Título Serie McGraw-Hill de divulgación científica
650 #4 - ASIENTO SECUNDARIO DE MATERIA - TERMINO TEMATICO
Término de materia o nombre geográfico como elemento de entrada EVOLUCION-
Subdivisión general HISTORIA
650 #4 - ASIENTO SECUNDARIO DE MATERIA - TERMINO TEMATICO
Término de materia o nombre geográfico como elemento de entrada EXTINCION (BIOLOGIA)
9 (RLIN) 22053
904 ## - ELEMENTOS DE DATOS D LOCAL, LDD (RLIN)
a AC
b 024009
905 ## - TIPO DE MATERIAL
Tipo de material Libro
Holdings
Estado de retiro Estado de pérdida Fuente del sistema de clasificación o colocación Estado dañado No para préstamo Código de colección Localización permanente Ubicación/localización actual Ubicación en estantería Enumeración/cronología de publicación seriada Total de préstamos Clasificación Código de barras Fecha visto por última vez Número de copia Tipo de ítem Koha
    Library of Congress Classification     Colección General Bib. Gregorio Torres Quintero Bib. Gregorio Torres Quintero Planta baja - 6 QE721.2 E97 E738 153682 31/12/2020 1 Libro
    Library of Congress Classification     Colección General Bib. Gregorio Torres Quintero Bib. Gregorio Torres Quintero Planta baja - 7 QE721.2 E97 E738 153683 31/12/2020 1 Libro